书目信息 |
| 题名: |
SOLIDWORKS工程图教程
|
|
| 作者: | ;胡其登 主编 ;DS SolidWorks公司 著 | |
| 分册: | ||
| 出版信息: | 北京 机械工业出版社 2018.03 |
|
| 页数: | 136页 | |
| 开本: | 26cm | |
| 丛书名: | ||
| 单 册: | ||
| 中图分类: | TB237 | |
| 科图分类: | ||
| 主题词: | 工程制图--计算机制图--应用软件--技术培训--教材 | |
| 电子资源: | ||
| ISBN: | 978-7-111-59575-5 | |
| 000 | 01014nam0 2200253 450 | |
| 001 | 5046 | |
| 005 | 20181015092617.18 | |
| 010 | @a978-7-111-59575-5@dCNY45.00 | |
| 100 | @a20180612d2018 em y0chiy50 ea | |
| 101 | 1 | @achi@ceng |
| 102 | @aCN@b110000 | |
| 105 | @aa z 000yy | |
| 200 | 1 | @aSOLIDWORKS工程图教程@9SOLIDWORKS gong cheng tu jiao cheng@e2018版@f(美)DS SOLIDWORKS公司著@g胡其登主编@g杭州新迪数字工程系统有限公司编译 |
| 205 | @a9版 | |
| 210 | @a北京@c机械工业出版社@d2018.03 | |
| 215 | @a136页@d26cm | |
| 300 | @aSOLIDWORKS公司原版系列培训教程 CSWP全球专业认证考试培训教程 | |
| 330 | @a本书是根据DS SOLIDWORKS公司发布的《SOLIDWORKS 2018:SOLIDWORKS Drawings》编译而成的,着重介绍了使用SOLIDWORKS软件创建工程图和出详图的基本方法和相关技术。 | |
| 606 | 0 | @a工程制图@x计算机制图@x应用软件@x技术培训@j教材 |
| 690 | @aTB237@v5 | |
| 702 | 0 | @a胡其登@9hu qi deng@4主编 |
| 711 | 02 | @c(美)@aDS SolidWorks公司@9DS SolidWorks gong si@4著 |
| 801 | 0 | @aCN@b91MARC@c20180612 |
| 905 | @aMuseLib@dTB237@e197=9 | |
| SOLIDWORKS工程图教程:2018版/(美)DS SOLIDWORKS公司著/胡其登主编/杭州新迪数字工程系统有限公司编译.-9版.-北京:机械工业出版社,2018.03 |
| 136页;26cm |
| SOLIDWORKS公司原版系列培训教程 CSWP全球专业认证考试培训教程 |
| ISBN 978-7-111-59575-5:CNY45.00 |
| 本书是根据DS SOLIDWORKS公司发布的《SOLIDWORKS 2018:SOLIDWORKS Drawings》编译而成的,着重介绍了使用SOLIDWORKS软件创建工程图和出详图的基本方法和相关技术。 |
| ● |
| 相关链接 |
|
|
|
|
正题名:SOLIDWORKS工程图教程
索取号:TB237/197=9
 
预约/预借
| 序号 | 登录号 | 条形码 | 馆藏地/架位号 | 状态 | 备注 |
| 1 | 1127859 | 211278598 | 第二样本阅览室/ [索取号:TB237/197=9] | 在馆 | |
| 2 | 1127860 | 211278605 | 第三借阅区/ [索取号:TB237/197=9] | 在馆 | |
| 3 | 1127861 | 211278614 | 第三借阅区/ [索取号:TB237/197=9] | 在馆 | |
| 4 | 1127862 | 211278623 | 第三借阅区/ [索取号:TB237/197=9] | 在馆 | |
| 5 | 1127863 | 211278632 | 第三借阅区/ [索取号:TB237/197=9] | 在馆 |